ბათუმის შოთა რუსთაველის სახელმწიფო უნივერსიტეტის ბიბლიოთეკა

Финансы предприятии (ბიბ.ჩანაწერი № 35084)

000 -LEADER
fixed length control field 00567nam a2200229Ia 4500
001 - CONTROL NUMBER
control field 925
003 - CONTROL NUMBER IDENTIFIER
control field GE_BSU
008 - FIXED-LENGTH DATA ELEMENTS--GENERAL INFORMATION
fixed length control field 181216s||||||||xx |||||||||||||| ||und||
020 ## - INTERNATIONAL STANDARD BOOK NUMBER
International Standard Book Number 5980321020
040 ## - CATALOGING SOURCE
Transcribing agency GE_BSU
080 ## - UNIVERSAL DECIMAL CLASSIFICATION NUMBER
Universal Decimal Classification number 336(075.8)
100 ## - MAIN ENTRY--PERSONAL NAME
Personal name Ковалев,В.В.;Ковалев, Вит.В
245 ## - TITLE STATEMENT
Title Финансы предприятии
245 ## - TITLE STATEMENT
Remainder of title Уч-к
260 ## - PUBLICATION, DISTRIBUTION, ETC.
Place of publication, distribution, etc. Москва
260 ## - PUBLICATION, DISTRIBUTION, ETC.
Name of publisher, distributor, etc. Проспект
260 ## - PUBLICATION, DISTRIBUTION, ETC.
Date of publication, distribution, etc. 2003
300 ## - PHYSICAL DESCRIPTION
Extent 352стр.
653 ## - INDEX TERM--UNCONTROLLED
Uncontrolled term Финансы предприятии
942 ## - ADDED ENTRY ELEMENTS (KOHA)
Koha item type წიგნი
ეგზემპლარები
Withdrawn status Lost status Damaged status Not for loan Date acquired Barcode Date last seen Price effective from Koha item type
        2018-12-17 1003 2018-12-17 2018-12-17 წიგნი